Jablká hneď pod stromom

Bibliographic Details
Main Authors: Koch, Ján (ain), Kunzo, František 1954- (Author, uin)
Format: Article
Language:Slovak
PhysicalDescription:Fotogr.
Subjects:

MARC

LEADER 00000nab a2200000 a 4500
001 vtls000719583
003 SK-MaSNL
005 20260302194954.0
008 180205c2000 xo 0 slo
015 |a SNBRB2000/04-11037 
035 |a CLN000071750 
040 |a SNKBUCL  |b slo  |c SNKBUCL  |e AACR2 
041 0 |a slo 
044 |a xo  |c SK 
080 |a 796.332.077  |2 UDC-MRF-SK2 
100 1 |a Koch, Ján  |4 ain  |9 395129 
245 1 0 |a Jablká hneď pod stromom  |c Ján Koch, František Kunzo 
300 |b Fotogr. 
600 1 7 |a Kunzo, František,  |d 1954-  |2 snkbucl  |9 915806 
655 7 |a články z novín a časopisov  |2 snkbucl  |9 267496 
700 1 |a Kunzo, František  |d 1954-  |4 aut  |4 uin  |9 915806 
773 0 |t Šport  |g Roč. 54, č. 82 (7.4.2000), s. 33 
850 |a Slovenská národná knižnica v Martine 
852 |a SNK  |b KIS3GCP 
958 |a RBX 
999 |c 1450821  |d 1452751